01221nam a2200253 a 450000100100000000500170001000800410002704000250006808200200009310000380011324501460015126000650029730000210036250400700038350400320045359000260048565000500051165000640056170000450062591000380067095201180070895201240082699900170095000002536320200930023732.0110215s1997 dr r 000 0 spa d aDO-SdBNPbspacBNPHU a347.7293bG216e1 aGarcía Fermín, Franklin9642210aEvaluación del poder judicial y recomendaciones para su transformación /cFranklin García Fermín ; prólogo Manuel Bergés Chupani. aSanto Domingo :bDominicana de Impresos y Publicidad,c1997. a115 p. ;c21 cm. aIncluye referencias bibliográficas y notas al pie de páginas. aBibliografía : p.111-115. aInventariado, 2018/BT 4aPoder judicialzRepública Dominicana910058 4aAdministración de justiciazRepública Dominicana9102741 aBergés Chupani, Manuel,epról.98440 aValidado. Control de calidad. EMS 0010718PDaPDbPDcHDd2011-02-15iLF1l0o347.7293 G216ep25363-10r2020-06-25w2020-06-25yLFPDZNo se presta 0010718PDaPDbPDcHDd2014-03-10iLF1l0o347.7293 G216ep25363-20r2020-06-25te. 2w2020-06-25yLFPDZNo se presta c24855d24855